header

French philosophy in the twentieth century (Record no. 3245)

MARC details
000 -LEADER
fixed length control field 01160nam a22003014a 4500
082 04 - DEWEY DECIMAL CLASSIFICATION NUMBER
Classification number 194
100 1# - MAIN ENTRY--AUTHOR NAME
Personal name Gutting, Gary.
245 10 - TITLE STATEMENT
Title French philosophy in the twentieth century
260 ## - PUBLICATION, DISTRIBUTION, ETC. (IMPRINT)
Place of publication Cambridge, U.K. ;
-- New York :
Name of publisher Cambridge University Press,
Year of publication 2001.
300 ## - PHYSICAL DESCRIPTION
Number of Pages xiv, 419 p.
650 #0 - SUBJECT ADDED ENTRY--TOPICAL TERM
Topical Term Philosophy, French
856 40 - ELECTRONIC LOCATION AND ACCESS
Uniform Resource Identifier http://site.ebrary.com/lib/rucke/Doc?id=10005016

No items available.

© 2026 Rongo University
Contact us: librarian | system librarian | Rongo university